000 00559cam a2200157 4500500
005 20260208030414.0
041 _afre
042 _adc
100 1 0 _aDuchet, Claude
_eauthor
700 1 0 _aMilner, Max
_eauthor
245 0 0 _aClaude Pichois, ou l'histoire littéraire faite homme(s)
260 _c2004.
500 _a33
786 0 _nRevue d'histoire littéraire de la France | Vol.104 | 4 | 2004-09-01 | p. 771-782 | 0035-2411
856 4 1 _uhttps://shs.cairn.info/revue-d-histoire-litteraire-de-la-france-2004-4-page-771?lang=fr&redirect-ssocas=7080
999 _c1661923
_d1661923